| 000 | 00693nam a2200265Ia 4500 | ||
|---|---|---|---|
| 003 | OSt | ||
| 005 | 20221005060425.0 | ||
| 006 | a|||||r|||| 00| 0 | ||
| 007 | ta | ||
| 008 | 221004b |||||||| |||| 00| 0 eng d | ||
| 020 | _a0415322227 | ||
| 024 | _a178 | ||
| 037 | _cTextual | ||
| 040 |
_aCRL _cCRL _beng |
||
| 041 |
_2eng _aeng |
||
| 082 | _a(:f), P4 | ||
| 100 |
_aBurton Suzan Ed. _9599626 |
||
| 245 | 0 | _aSurviving your thesis | |
| 260 |
_aLondon _bRoutledge _c2004 |
||
| 300 |
_a254p. _ccm. |
||
| 650 | _aRESEARCH METHODS | ||
| 700 |
_a Steane Peter Ed. _9599627 |
||
| 942 |
_h(:f), P4 _cTEXL _2cc |
||
| 999 |
_c966668 _d966668 |
||